000 00444nam a2200193Ia 4500
005 20250603145013.0
008 250603s9999 xx 000 0 und d
020 _a0471274712
050 _aTJ 265 .M66/
100 _aMoran, Michael J.
245 0 _aFundamentals of engineering thermodynamics
250 _a5th ed.
260 _aHoboken
260 _bWiley
260 _cc2004
300 _a874 p
650 _aHoboken
942 _cBK
999 _c40582
_d40582